Introduction to family law in Tanzania / (Record no. 7114)

MARC details
000 -LEADER
fixed length control field 01306cam a2200385 i 4500
001 - CONTROL NUMBER
control field on1004375887
003 - CONTROL NUMBER IDENTIFIER
control field TZ-ArACH
005 - DATE AND TIME OF LATEST TRANSACTION
control field 20230926163844.0
008 - FIXED-LENGTH DATA ELEMENTS--GENERAL INFORMATION
fixed length control field 170726s2017 ke b 000 0 eng c
010 ## - LIBRARY OF CONGRESS CONTROL NUMBER
LC control number 2016343502
020 ## - INTERNATIONAL STANDARD BOOK NUMBER
International Standard Book Number 9789966530493
020 ## - INTERNATIONAL STANDARD BOOK NUMBER
International Standard Book Number 9966530495
035 ## - SYSTEM CONTROL NUMBER
System control number (OCoLC)1004375887
040 ## - CATALOGING SOURCE
Original cataloging agency PUL
Language of cataloging eng
Description conventions rda
Transcribing agency PUL
Modifying agency OCLCF
-- HVL
-- DLC
-- OCLCO
-- OCLCA
042 ## - AUTHENTICATION CODE
Authentication code pcc
043 ## - GEOGRAPHIC AREA CODE
Geographic area code f-tz---
049 ## - LOCAL HOLDINGS (OCLC)
Holding library TZAA
050 #4 - LIBRARY OF CONGRESS CALL NUMBER
Classification number KTT54
Item number .M35 2017
100 1# - MAIN ENTRY--PERSONAL NAME
Personal name Mashamba, Clement J.,
Relator term author.
245 10 - TITLE STATEMENT
Title Introduction to family law in Tanzania /
Statement of responsibility, etc Dr. Clement J. Mashamba.
250 ## - EDITION STATEMENT
Edition statement Second edition.
260 ## - PUBLICATION, DISTRIBUTION, ETC. (IMPRINT)
Place of publication, distribution, etc Nairobi, Kenya :
Name of publisher, distributor, etc LawAfrica Pubishing (K) Ltd.,
Date of publication, distribution, etc 2017.
300 ## - PHYSICAL DESCRIPTION
Extent xliii, 494 pages ;
Dimensions 21 cm
504 ## - BIBLIOGRAPHY, ETC. NOTE
Bibliography, etc Includes bibliographical references (pages 479-494).
650 #0 - SUBJECT ADDED ENTRY--TOPICAL TERM
Topical term or geographic name as entry element Marriage law
Geographic subdivision Tanzania.
650 #0 - SUBJECT ADDED ENTRY--TOPICAL TERM
Topical term or geographic name as entry element Parent and child (Law)
Geographic subdivision Tanzania.
650 #0 - SUBJECT ADDED ENTRY--TOPICAL TERM
Topical term or geographic name as entry element Divorce
General subdivision Law and legislation
Geographic subdivision Tanzania.
650 #7 - SUBJECT ADDED ENTRY--TOPICAL TERM
Topical term or geographic name as entry element Divorce
General subdivision Law and legislation.
Source of heading or term fast
650 #7 - SUBJECT ADDED ENTRY--TOPICAL TERM
Topical term or geographic name as entry element Marriage law.
Source of heading or term fast
650 #7 - SUBJECT ADDED ENTRY--TOPICAL TERM
Topical term or geographic name as entry element Parent and child (Law)
Source of heading or term fast
651 #7 - SUBJECT ADDED ENTRY--GEOGRAPHIC NAME
Geographic name Tanzania.
Source of heading or term fast
710 2# - ADDED ENTRY--CORPORATE NAME
Corporate name or jurisdiction name as entry element Institute of Public Policy and Law,
Relator term sponsoring body.
710 2# - ADDED ENTRY--CORPORATE NAME
Corporate name or jurisdiction name as entry element National Organization for Legal Assistance (Tanzania),
Relator term sponsoring body.
942 ## - ADDED ENTRY ELEMENTS (KOHA)
Source of classification or shelving scheme Library of Congress Classification
Koha item type Books
Holdings
Home library Current library Date acquired Full call number Barcode Koha item type
African Court on Human and Peoples' Rights Library African Court on Human and Peoples' Rights Library 26/09/2023 KTT54 .M35 2017 10189858 Books

African Court on Human and Peoples' Rights | For Inquiries Contact » +255 272 510 510